| 000 | 00535nam a22001817a 4500 | ||
|---|---|---|---|
| 005 | 20240920145943.0 | ||
| 008 | 240919b |||||||| |||| 00| 0 eng d | ||
| 020 | _a978-93-90031-66-5 | ||
| 041 | _aeng | ||
| 082 | _a615 | ||
| 100 |
_aK.B., DR. ILANGO & SHUKLA, DR. VIKASH KUMAR AND LAKADE, DR. SAMEER H. _98542 |
||
| 245 | _aINDUSTRIAL PHARMACY - II [ B.PHARMA, 7TH. SEMESTER ] | ||
| 250 | _aRE.PRINT ED. 2023 | ||
| 260 |
_aLUCKNOW _bTHAKUR PUBLICATION PVT.LTD |
||
| 300 | _a207;P | ||
| 650 |
_aPHARMACY _xB.PHARMA |
||
| 942 | _cBK | ||
| 999 |
_c8671 _d8669 |
||